00444 2200181 4500001002100000005001500021008004100036035001900077041000700096082001500103090002100118100002100139245002700160260002400187300002500211500001000236650001600246INLIS00000000000126820241224112322241224||||||||| | ||| |||| || |  0010-1224001268 aen0 a398.209598 a398.209598 HID g0 aHidayat Soesanto00aGuha Karang Legok Pari bGeger Sunten.c2012 a72 HLM.:ILUS.;21 CM. aCet.5 0aIlmu Sosial